[Event "GER-ch U25-A"]
[Site "Willingen"]
[Date "2017.06.09"]
[Round "8"]
[White "Bui, Hai Lam"]
[Black "Schimnatkowski, Lukas"]
[Result "1/2-1/2"]
[WhiteElo "1944"]
[BlackElo "2015"]
[PlyCount "74"]
[EventDate "2017.06.04"]
[EventType "swiss"]
[EventRounds "9"]
[EventCountry "GER"]
[SourceTitle "CBM 178 Extra"]
[Source "ChessBase"]
[SourceDate "2017.06.22"]
[SourceVersion "1"]
[SourceVersionDate "2017.06.22"]
[SourceQuality "1"]

1. b3 c5 2. Bb2 Nc6 3. e4 d6 4. Bb5 e5 5. Ne2 Nge7 6. 0-0 a6 7. Bxc6+ Nxc6 8. d3 g6 9. Nd2 Bg7 10. f4 f5 11. exf5 gxf5 12. Ng3 0-0 13. Nh5 Nd4 14. Nf3 Bh8 15. Re1 Re8 16. Nxd4 cxd4 17. Qf3 Qh4 18. g3 Qg4 19. Qxg4+ fxg4 20. fxe5 dxe5 21. Nf4 Rd8 22. Ng2 Be6 23. c4 Bf5 24. Rad1 h5 25. Nh4 Bh7 26. Ba3 Rd7 27. Re2 Rf7 28. Rf2 Rd8 29. Ng2 Bg7 30. Kf1 Rdd7 31. Bc1 Kf8 32. Ke2 Rxf2+ 33. Kxf2 Rf7+ 34. Ke2 Ke7 35. Bg5+ Ke6 36. Rg1 Bf8 37. Bd2 Be7 1/2-1/2

[Event "GER-ch U25-A"]
[Site "Willingen"]
[Date "2017.06.06"]
[Round "5"]
[White "Bui, Hai Lam"]
[Black "Reindl, Knut"]
[Result "1-0"]
[WhiteElo "1944"]
[BlackElo "1750"]
[PlyCount "53"]
[EventDate "2017.06.04"]
[EventType "swiss"]
[EventRounds "9"]
[EventCountry "GER"]
[SourceTitle "CBM 178 Extra"]
[Source "ChessBase"]
[SourceDate "2017.06.22"]
[SourceVersion "1"]
[SourceVersionDate "2017.06.22"]
[SourceQuality "1"]

1. e4 c5 2. Nf3 d6 3. d4 cxd4 4. Nxd4 Nf6 5. Nc3 g6 6. Be3 Bg7 7. f3 0-0 8. Qd2 Nc6 9. Bc4 Bd7 10. h4 Rc8 11. Bb3 h5 12. 0-0-0 Na5 13. Rdg1 Nc4 14. Bxc4 Rxc4 15. g4 Qa5 16. Nf5 Bxf5 17. gxf5 Rfc8 18. fxg6 Rxc3 19. gxf7+ Kxf7 20. bxc3 Qxa2 21. Qd3 Nd7 22. e5 Nxe5 23. Qf5+ Bf6 24. Qxc8 Qa1+ 25. Kd2 Nxf3+ 26. Ke2 Nxg1+ 27. Rxg1 1-0

[Event "GER-ch U25-A"]
[Site "Willingen"]
[Date "2017.06.04"]
[Round "1"]
[White "Bui, Hai Lam"]
[Black "Behringer, Tom"]
[Result "1-0"]
[WhiteElo "1944"]
[BlackElo "1795"]
[PlyCount "61"]
[EventDate "2017.06.04"]
[EventType "swiss"]
[EventRounds "9"]
[EventCountry "GER"]
[SourceTitle "CBM 178 Extra"]
[Source "ChessBase"]
[SourceDate "2017.06.22"]
[SourceVersion "1"]
[SourceVersionDate "2017.06.22"]
[SourceQuality "1"]

1. e4 e6 2. d4 d5 3. Nc3 Nf6 4. e5 Nfd7 5. f4 c5 6. Nf3 Nc6 7. Be3 a6 8. Qd2 b5 9. a3 Qb6 10. Ne2 Be7 11. g3 f6 12. Bg2 fxe5 13. dxe5 Bb7 14. 0-0 0-0-0 15. b4 d4 16. Bf2 cxb4 17. Nexd4 Nxd4 18. Bxd4 Bc5 19. axb4 Bxd4+ 20. Qxd4 Qc6 21. Qf2 Nb6 22. Ng5 Qxg2+ 23. Qxg2 Bxg2 24. Kxg2 Rd2+ 25. Rf2 Rxf2+ 26. Kxf2 Re8 27. Rxa6 Kb7 28. Ra1 Nd5 29. Ne4 Re7 30. Nd6+ Kb8 31. Ra5 1-0

[Event "GER-ch U25-A"]
[Site "Willingen"]
[Date "2017.06.04"]
[Round "2"]
[White "Hartmann, Jakob"]
[Black "Bui, Hai Lam"]
[Result "1-0"]
[WhiteElo "2042"]
[BlackElo "1944"]
[PlyCount "59"]
[EventDate "2017.06.04"]
[EventType "swiss"]
[EventRounds "9"]
[EventCountry "GER"]
[SourceTitle "CBM 178 Extra"]
[Source "ChessBase"]
[SourceDate "2017.06.22"]
[SourceVersion "1"]
[SourceVersionDate "2017.06.22"]
[SourceQuality "1"]

1. e4 c5 2. Nf3 d6 3. d4 cxd4 4. Nxd4 Nf6 5. Nc3 a6 6. Bg5 e6 7. f4 Be7 8. Qf3 Qc7 9. 0-0-0 0-0 10. g4 b5 11. Bd3 Bb7 12. Qh3 g6 13. Rhe1 b4 14. e5 dxe5 15. fxe5 Nd5 16. Ne4 Qxe5 17. Nf6+ Bxf6 18. Rxe5 Bxe5 19. Nf3 Bh8 20. Be4 Ra7 21. Bh6 Rc8 22. Ng5 Nf6 23. Qe3 Bxe4 24. Qxa7 Rxc2+ 25. Kb1 Rd2+ 26. Nxe4 Rxd1+ 27. Kc2 Rd8 28. Qc7 Re8 29. Nd6 Nd5 30. Qxf7# 1-0

[Event "GER-chT U14"]
[Site "Duesseldorf"]
[Date "2016.12.28"]
[Round "3.2"]
[White "Bui, Hai Lam"]
[Black "Kartsev, Nikolaj"]
[Result "1-0"]
[WhiteElo "1884"]
[BlackElo "1794"]
[PlyCount "97"]
[EventDate "2016.12.27"]
[EventType "team-swiss"]
[EventRounds "7"]
[EventCountry "GER"]
[SourceTitle "EXT 2018"]
[Source "ChessBase"]
[SourceDate "2017.10.13"]
[SourceVersion "1"]
[SourceVersionDate "2017.10.13"]
[SourceQuality "1"]
[WhiteTeam "Dresden Leuben U14"]
[BlackTeam "Brackel U14"]
[WhiteTeamCountry "GER"]
[BlackTeamCountry "GER"]

1. e4 c5 2. Nf3 d6 3. d4 cxd4 4. Nxd4 Nf6 5. Nc3 Nc6 6. Bg5 e6 7. Qd2 h6 8. Bxf6 gxf6 9. Be2 a6 10. f4 Be7 11. 0-0-0 f5 12. exf5 e5 13. Nb3 Bxf5 14. g4 Be6 15. Kb1 f6 16. f5 Bf7 17. Bf3 Qc7 18. Bd5 Rd8 19. a3 Qb8 20. Ne4 Qc7 21. Ng3 Rd7 22. Nh5 Bxd5 23. Qxd5 Kd8 24. Ng7 Kc8 25. Ne6 Qb6 26. Nbc5 Rdd8 27. Nxd8 Rxd8 28. Ne4 Nd4 29. Rd3 Kb8 30. Rhd1 Qc6 31. Nc3 Rc8 32. Rxd4 exd4 33. Rxd4 Qxd5 34. Nxd5 Bd8 35. c4 Rc6 36. Re4 Kc8 37. b3 b5 38. cxb5 axb5 39. Re6 Kd7 40. Kb2 Rc5 41. Nxf6+ Bxf6+ 42. Rxf6 h5 43. h3 Re5 44. Re6 Rc5 45. Rh6 d5 46. Rxh5 Rc6 47. f6 Ke6 48. f7 Rc8 49. Rf5 1-0

[Event "GER-chT U14"]
[Site "Duesseldorf"]
[Date "2016.12.27"]
[Round "2.2"]
[White "Astner, Sebastian"]
[Black "Bui, Hai Lam"]
[Result "1-0"]
[WhiteElo "1753"]
[BlackElo "1884"]
[PlyCount "123"]
[EventDate "2016.12.27"]
[EventType "team-swiss"]
[EventRounds "7"]
[EventCountry "GER"]
[SourceTitle "EXT 2018"]
[Source "ChessBase"]
[SourceDate "2017.10.13"]
[SourceVersion "1"]
[SourceVersionDate "2017.10.13"]
[SourceQuality "1"]
[WhiteTeam "Ergolding U14"]
[BlackTeam "Dresden Leuben U14"]
[WhiteTeamCountry "GER"]
[BlackTeamCountry "GER"]

1. e4 e6 2. d4 c5 3. Be3 cxd4 4. Bxd4 Nc6 5. Bc3 d6 6. Bb5 Bd7 7. Nd2 Nf6 8. Ngf3 Be7 9. 0-0 a6 10. Bd3 0-0 11. Re1 b5 12. b3 Ng4 13. Nd4 Nge5 14. N2f3 Qc7 15. Bb2 Rfd8 16. Nxc6 Bxc6 17. Nxe5 dxe5 18. Qh5 Bf6 19. Re3 g6 20. Qh6 Bg7 21. Qh4 h6 22. Rh3 Be8 23. Rf1 g5 24. Qg4 Qd6 25. Qe2 f6 26. c4 Bg6 27. Rc1 bxc4 28. Bxc4 Rac8 29. Rd3 Qc6 30. Rxd8+ Rxd8 31. Bxa6 Qxe4 32. Qxe4 Bxe4 33. Bc4 Kf7 34. a4 Rd2 35. Bc3 Ra2 36. a5 Bf8 37. b4 Ra4 38. f3 Bc6 39. Rb1 Ra3 40. Bb3 Bb5 41. Kf2 Ke7 42. Ke3 f5 43. Kd2 e4 44. fxe4 fxe4 45. Ke3 Bc4 46. Bxc4 Rxc3+ 47. Kd4 Bg7+ 48. Kc5 e3 49. a6 Kd7 50. b5 Bf8+ 51. Kb6 Rxc4 52. a7 Bc5+ 53. Kb7 Bxa7 54. Kxa7 Ra4+ 55. Kb7 Rd4 56. Re1 Rd5 57. b6 Re5 58. Ka6 Kc6 59. b7 Re4 60. Rc1+ Kd5 61. b8Q e2 62. Qb5+ 1-0

[Event "GER-chT U14"]
[Site "Duesseldorf"]
[Date "2016.12.27"]
[Round "1.2"]
[White "Bui, Hai Lam"]
[Black "Hofele, Mathis"]
[Result "0-1"]
[WhiteElo "1884"]
[BlackElo "1703"]
[PlyCount "62"]
[EventDate "2016.12.27"]
[EventType "team-swiss"]
[EventRounds "7"]
[EventCountry "GER"]
[SourceTitle "EXT 2018"]
[Source "ChessBase"]
[SourceDate "2017.10.13"]
[SourceVersion "1"]
[SourceVersionDate "2017.10.13"]
[SourceQuality "1"]
[WhiteTeam "Dresden Leuben U14"]
[BlackTeam "Hohentuebingen U14"]
[WhiteTeamCountry "GER"]
[BlackTeamCountry "GER"]

1. d4 Nf6 2. Nc3 d5 3. Bg5 Bf5 4. Bxf6 exf6 5. g3 Bb4 6. Bg2 c6 7. e3 0-0 8. Nge2 Re8 9. 0-0 Nd7 10. Rb1 Nb6 11. Nc1 Nc4 12. N1e2 Qd7 13. a3 Bf8 14. Nf4 Rab8 15. Na2 Bd6 16. Nd3 Bg4 17. Qe1 Qf5 18. Qc3 Bf3 19. a4 Bxg2 20. Kxg2 h5 21. h4 Qg4 22. Nf4 g5 23. b3 gxf4 24. exf4 Nb6 25. Kh2 Re4 26. Nc1 Rxf4 27. gxf4 Bxf4+ 28. Qg3 Bxg3+ 29. fxg3 Kg7 30. Rf4 Qd1 31. Rf2 Re8 0-1

[Event "GER-ch U14"]
[Site "Willingen"]
[Date "2016.05.21"]
[Round "9"]
[White "Recktenwald, Cedric"]
[Black "Bui, Hai Lam"]
[Result "1-0"]
[WhiteElo "1855"]
[BlackElo "1924"]
[PlyCount "65"]
[EventDate "2016.05.15"]
[EventType "swiss"]
[EventRounds "9"]
[EventCountry "GER"]
[SourceTitle "CBM 172 Extra"]
[Source "ChessBase"]
[SourceDate "2016.06.21"]
[SourceVersion "1"]
[SourceVersionDate "2016.06.21"]
[SourceQuality "1"]

1. e4 c5 2. Nf3 d6 3. Bb5+ Nc6 4. Bxc6+ bxc6 5. 0-0 e5 6. c3 Bg4 7. h3 Bh5 8. d3 Be7 9. Nbd2 g5 10. Qa4 Qd7 11. d4 cxd4 12. cxd4 f6 13. Nh2 Bd8 14. Ndf3 h6 15. Rd1 Qc7 16. Be3 Ne7 17. d5 0-0 18. Rac1 Bf7 19. b4 Kh7 20. Ng4 Bh5 21. dxc6 f5 22. Ngxe5 f4 23. Nd7 Rf7 24. Bb6 Qc8 25. Bxd8 Bxf3 26. gxf3 Qxd8 27. Rxd6 Qc7 28. e5 Ng6 29. b5 Rd8 30. Qe4 Rfxd7 31. Qxg6+ Kh8 32. Rxd7 Rxd7 33. Qe8+ 1-0

[Event "GER-chT U12"]
[Site "Verden"]
[Date "2014.12.30"]
[Round "7.2"]
[White "Askerov, Imamali"]
[Black "Bui, Hai Lam"]
[Result "1/2-1/2"]
[WhiteElo "1734"]
[BlackElo "1705"]
[PlyCount "112"]
[EventDate "2014.12.27"]
[EventType "team-swiss"]
[EventRounds "7"]
[EventCountry "GER"]
[SourceTitle "EXT 2016"]
[Source "ChessBase"]
[SourceDate "2015.10.08"]
[SourceVersion "1"]
[SourceVersionDate "2015.10.08"]
[SourceQuality "1"]
[WhiteTeam "Uelzen Post"]
[BlackTeam "Dresden Leuben"]
[WhiteTeamCountry "GER"]
[BlackTeamCountry "GER"]

1. d4 Nf6 2. c4 g6 3. Nc3 d5 4. cxd5 Nxd5 5. e4 Nxc3 6. bxc3 Bg7 7. Bb2 0-0 8. Nf3 c5 9. h3 Qa5 10. Qd3 cxd4 11. Nxd4 a6 12. Nb3 Qc7 13. Be2 Rd8 14. Qe3 Nd7 15. 0-0 b5 16. Rab1 Bb7 17. f4 e6 18. Ba1 Nb6 19. Na5 Bc8 20. Rfd1 Nd5 21. exd5 Qxa5 22. Bf3 Rb8 23. Rd2 exd5 24. Bxd5 Bf5 25. Rbd1 Re8 26. Qa7 Qb6+ 27. Qxb6 Rxb6 28. Bb3 Bh6 29. Rd4 Be6 30. Rd8 Kf8 31. Bb2 a5 32. Ba3+ b4 33. cxb4 axb4 34. Bc1 Bxb3 35. axb3 Rxd8 36. Rxd8+ Ke7 37. Rd4 Bg7 38. Rc4 Bc3 39. Kf2 Ke6 40. Be3 Rb5 41. Kf3 Ra5 42. Bc5 Rb5 43. Bd4 Bd2 44. Rc2 Bc3 45. Bxc3 bxc3 46. Rxc3 Rb4 47. g3 Kf5 48. Ke3 h5 49. Kf3 Ke6 50. Rd3 Kf6 51. Re3 Kf5 52. g4+ hxg4+ 53. hxg4+ Kf6 54. g5+ Kg7 55. Rd3 Kf8 56. Re3 Kg7 1/2-1/2

[Event "GER-chT U12"]
[Site "Verden"]
[Date "2014.12.27"]
[Round "1.2"]
[White "Pysarenko, Kyrill"]
[Black "Bui, Hai Lam"]
[Result "0-1"]
[WhiteElo "1408"]
[BlackElo "1705"]
[PlyCount "63"]
[EventDate "2014.12.27"]
[EventType "team-swiss"]
[EventRounds "7"]
[EventCountry "GER"]
[SourceTitle "EXT 2016"]
[Source "ChessBase"]
[SourceDate "2015.10.08"]
[SourceVersion "1"]
[SourceVersionDate "2015.10.08"]
[SourceQuality "1"]
[WhiteTeam "Berlin Empor"]
[BlackTeam "Dresden Leuben"]
[WhiteTeamCountry "GER"]
[BlackTeamCountry "GER"]

1. e4 c5 2. Nf3 d6 3. d4 cxd4 4. Nxd4 Nf6 5. Nc3 a6 6. a4 e5 7. Nf3 Be6 8. Bg5 Be7 9. Bxf6 Bxf6 10. Nd5 Be7 11. Bc4 Nd7 12. 0-0 Rc8 13. Nd2 Bg5 14. Bb3 Nc5 15. Re1 0-0 16. Re2 Kh8 17. f3 f5 18. exf5 Bxf5 19. Ne3 Be6 20. Bxe6 Nxe6 21. Ne4 Nd4 22. Ng4 Nxe2+ 23. Qxe2 Qb6+ 24. Kh1 Qxb2 25. Rd1 Be7 26. Rd2 Qb1+ 27. Rd1 Qxc2 28. Qf1 Qc4 29. Qe1 Qxa4 30. Ngf2 Qc6 31. Nd3 a5 32. Rc1 0-1

[Event "GER-ch U12"]
[Site "Magdeburg"]
[Date "2014.06.13"]
[Round "9"]
[White "Biastoch, Bennet"]
[Black "Bui, Hai Lam"]
[Result "1-0"]
[WhiteElo "1774"]
[BlackElo "1674"]
[PlyCount "89"]
[EventDate "2014.06.08"]
[EventType "swiss"]
[EventRounds "11"]
[EventCountry "GER"]
[SourceTitle "CBM 160 Extra"]
[Source "ChessBase"]
[SourceDate "2014.07.01"]
[SourceVersion "1"]
[SourceVersionDate "2014.07.01"]
[SourceQuality "1"]

1. e4 c5 2. Nf3 d6 3. g3 Nc6 4. Bg2 e5 5. 0-0 Be7 6. d3 Be6 7. Nbd2 g5 8. Nc4 g4 9. Nfd2 Qd7 10. c3 h5 11. a3 h4 12. b4 hxg3 13. fxg3 Rd8 14. b5 Nb8 15. a4 Bg5 16. Ba3 f6 17. Rf2 Ne7 18. d4 0-0 19. d5 Bf7 20. Qe2 Bg6 21. Raf1 Kg7 22. Bc1 Rh8 23. Nb3 Bxc1 24. Nxc1 Rdf8 25. Ne3 Bh5 26. Nd3 Rh6 27. Nb2 Rg6 28. Nbd1 Rg5 29. Nf5+ Nxf5 30. Rxf5 Rxf5 31. Rxf5 Qf7 32. Ne3 Qg6 33. Rf1 Rd8 34. c4 Rd7 35. Qd2 Kf8 36. Nf5 Ke8 37. Qa5 b6 38. Qd2 Kd8 39. a5 Kc7 40. axb6+ axb6 41. Qa2 Qf7 42. Qa7+ Kc8 43. Qxb6 Qf8 44. Ra1 Bg6 45. Ra8 1-0

[Event "GER-ch U12"]
[Site "Magdeburg"]
[Date "2014.06.09"]
[Round "3"]
[White "Flach, Helene"]
[Black "Bui, Hai Lam"]
[Result "0-1"]
[WhiteElo "1375"]
[BlackElo "1674"]
[PlyCount "48"]
[EventDate "2014.06.08"]
[EventType "swiss"]
[EventRounds "11"]
[EventCountry "GER"]
[SourceTitle "CBM 160 Extra"]
[Source "ChessBase"]
[SourceDate "2014.07.01"]
[SourceVersion "1"]
[SourceVersionDate "2014.07.01"]
[SourceQuality "1"]

1. e4 c5 2. Nf3 d6 3. d4 cxd4 4. Nxd4 Nf6 5. Nc3 a6 6. f3 e6 7. Be3 b5 8. Qd2 Bb7 9. 0-0-0 Nbd7 10. g4 Nb6 11. h4 Nfd7 12. h5 b4 13. Nb1 d5 14. Qg2 Nc5 15. Nd2 Rc8 16. Kb1 Qc7 17. Rc1 Nca4 18. Be2 Nxb2 19. N4b3 N2a4 20. Bxb6 Nc3+ 21. Ka1 Qxb6 22. Bd3 Qc6 23. Nb1 Na4 24. Qe2 Bd6 0-1

[Event "Dresden ZMD op-C 21th"]
[Site "Dresden"]
[Date "2012.08.23"]
[Round "6"]
[White "Smagulov, Aman"]
[Black "Bui, Hai Lam"]
[Result "1-0"]
[WhiteElo "1648"]
[BlackElo "1528"]
[PlyCount "133"]
[EventDate "2012.08.18"]
[EventType "swiss"]
[EventRounds "9"]
[EventCountry "GER"]
[SourceTitle "CBM 150 Extra"]
[Source "ChessBase"]
[SourceDate "2012.10.19"]
[SourceVersion "1"]
[SourceVersionDate "2012.10.19"]
[SourceQuality "1"]

1. d4 Nf6 2. Nf3 g6 3. h3 Bg7 4. Bf4 d6 5. c3 Nbd7 6. Nbd2 0-0 7. e3 Nh5 8. Bh2 c6 9. Be2 Qc7 10. 0-0 f5 11. Ng5 Nb6 12. Bxh5 gxh5 13. Qxh5 h6 14. Ngf3 Kh7 15. Bf4 e5 16. dxe5 dxe5 17. Bh2 Bd7 18. Qh4 c5 19. Qg3 Rae8 20. Nh4 Rg8 21. Qg6+ Kh8 22. Qh5 Bf8 23. Ng6+ Kh7 24. Nxf8+ Rexf8 25. Qe2 Bc6 26. f3 Qg7 27. Rf2 Nd5 28. Re1 f4 29. Qd3+ Kh8 30. Nf1 fxe3 31. Nxe3 Rxf3 32. Rxf3 Nxe3 33. Rg3 Qf7 34. Qxe3 Rxg3 35. Bxg3 Qg6 36. Qxe5+ Kh7 37. Qe7+ Kh8 38. Qf8+ Qg8 39. Qxg8+ Kxg8 40. Re7 Kf8 41. Rh7 Bd5 42. b3 c4 43. b4 a6 44. a3 b5 45. Rxh6 Bb7 46. Rb6 Bc8 47. Rb8 Ke7 48. Rxc8 Ke6 49. Rc6+ Kd5 50. Rxa6 Ke4 51. Kf2 Kd3 52. Be5 Kc2 53. g4 Kb3 54. g5 Kc2 55. g6 Kb3 56. g7 Kc2 57. g8Q Kb3 58. Qd5 Kc2 59. h4 Kb3 60. h5 Kc2 61. h6 Kb3 62. h7 Kc2 63. h8Q Kb3 64. Qh6 Ka2 65. Ke3 Kb3 66. Qd1+ Kb2 67. Qh2# 1-0

[Event "Dresden ZMD op-C 21th"]
[Site "Dresden"]
[Date "2012.08.18"]
[Round "1"]
[White "Bui, Hai Lam"]
[Black "Sabejinski, Simeon"]
[Result "0-1"]
[WhiteElo "1528"]
[BlackElo "1708"]
[PlyCount "120"]
[EventDate "2012.08.18"]
[EventType "swiss"]
[EventRounds "9"]
[EventCountry "GER"]
[SourceTitle "CBM 150 Extra"]
[Source "ChessBase"]
[SourceDate "2012.10.19"]
[SourceVersion "1"]
[SourceVersionDate "2012.10.19"]
[SourceQuality "1"]

1. e4 e5 2. Nf3 Nc6 3. Bb5 a6 4. Ba4 d6 5. 0-0 Nf6 6. Re1 b5 7. Bb3 Na5 8. c3 Nxb3 9. Qxb3 Be7 10. d4 Nd7 11. Be3 0-0 12. a4 c6 13. Na3 Bb7 14. axb5 cxb5 15. d5 Rc8 16. Nd2 Nc5 17. Bxc5 dxc5 18. c4 b4 19. Nc2 Ra8 20. Qg3 Bc8 21. Ne3 g6 22. Nef1 f5 23. Qe3 f4 24. Qe2 g5 25. h3 Kh8 26. f3 h5 27. Nh2 a5 28. b3 Bd7 29. Reb1 Ra6 30. Rb2 Qc7 31. Rba2 Rfa8 32. Qd1 R8a7 33. Qe1 Qc8 34. Kh1 a4 35. Qd1 axb3 36. Qxb3 Qa8 37. Rxa6 Rxa6 38. Rxa6 Qxa6 39. Nb1 Ba4 40. Qd3 Bd7 41. Nf1 g4 42. hxg4 hxg4 43. Nh2 g3 44. Kg1 Qh6 45. Nf1 Qa6 46. Nfd2 Bd6 47. Qb3 Qa1 48. Qc2 Qd4+ 49. Kh1 Qf2 50. Qd1 Ba4 51. Qf1 Qe3 52. Qg1 Qd3 53. Qc1 Bc2 54. Kg1 Bc7 55. Qf1 Qd4+ 56. Kh1 Ba5 57. Qg1 Qc3 58. Qc1 b3 59. d6 Bxb1 60. Qxb1 Qxd2 0-1

[Event "Sachsen-ch U10"]
[Site "Sebnitz"]
[Date "2012.04.11"]
[Round "3"]
[White "Fischer, Elias"]
[Black "Bui, Hai Lam"]
[Result "0-1"]
[WhiteElo "1242"]
[BlackElo "1376"]
[PlyCount "90"]
[EventDate "2012.04.10"]
[EventType "swiss"]
[EventRounds "7"]
[EventCountry "GER"]
[SourceTitle "CBM 148 Extra"]
[Source "ChessBase"]
[SourceDate "2012.06.22"]
[SourceVersion "1"]
[SourceVersionDate "2012.06.22"]
[SourceQuality "1"]

1. e4 e6 2. d4 d5 3. e5 c5 4. c3 Nc6 5. Nf3 Qb6 6. Be2 Bd7 7. 0-0 Nge7 8. b3 Nf5 9. Bb2 Be7 10. Na3 0-0 11. Nc2 a5 12. Rb1 cxd4 13. cxd4 Nb4 14. a3 Nc6 15. Qd3 Na7 16. Ne3 Bb5 17. Qd2 Nxe3 18. Qxe3 Bxe2 19. Qxe2 Qxb3 20. Nd2 Qb6 21. Bc3 Qc7 22. Rb3 Rfb8 23. f4 a4 24. Ba5 Qxa5 25. Rbf3 Nc6 26. Qd3 Nxd4 27. Rh3 g6 28. Nf3 Nxf3+ 29. Qxf3 Bf8 30. Qg3 Bg7 31. Qh4 h6 32. g4 Qd8 33. g5 Qb6+ 34. Kh1 h5 35. Rc3 Rc8 36. Rfc1 Rc6 37. Rxc6 bxc6 38. Qe1 Qa5 39. Qxa5 Rxa5 40. Rxc6 Bf8 41. Kg2 Bxa3 42. Rc8+ Kg7 43. Rc2 Rb5 44. Kg3 Bb2 45. h4 a3 0-1

[Event "Sachsen-ch U10"]
[Site "Sebnitz"]
[Date "2011.04.28"]
[Round "4"]
[White "Bui, Hai Lam"]
[Black "Schubert, Arvid"]
[Result "1/2-1/2"]
[WhiteElo "1155"]
[BlackElo "1403"]
[PlyCount "69"]
[EventDate "2011.04.26"]
[EventType "swiss"]
[EventRounds "7"]
[EventCountry "GER"]
[SourceTitle "EXT 2012"]
[Source "ChessBase"]
[SourceDate "2011.11.24"]
[SourceVersion "1"]
[SourceVersionDate "2011.11.24"]
[SourceQuality "1"]

1. e4 e5 2. Nf3 Nc6 3. d4 f6 4. Bc4 exd4 5. Nxd4 Nge7 6. Nc3 Ng6 7. Nxc6 bxc6 8. f4 Bc5 9. Bd2 Bb7 10. Qh5 f5 11. exf5 Qh4+ 12. Qxh4 Nxh4 13. g4 d5 14. Be2 0-0 15. 0-0-0 Ng2 16. Bf3 Ne3 17. Rde1 Nc4 18. Na4 Nxd2 19. Kxd2 Bd6 20. Ke3 Rae8+ 21. Kf2 Rxe1 22. Rxe1 Bxf4 23. Nc5 Bc8 24. h3 h5 25. Kg2 Bd2 26. Re7 Bb4 27. Rxc7 Bxc5 28. Rxc6 Bb4 29. Bxd5+ Kh8 30. a3 Be7 31. Rc7 Bf6 32. b3 Bd4 33. Be4 Bb6 34. Re7 hxg4 35. hxg4 1/2-1/2

[Event "Sachsen-ch U10"]
[Site "Sebnitz"]
[Date "2011.04.27"]
[Round "2"]
[White "Bui, Hai Lam"]
[Black "Renger, Niklas"]
[Result "1/2-1/2"]
[WhiteElo "1155"]
[BlackElo "1544"]
[PlyCount "85"]
[EventDate "2011.04.26"]
[EventType "swiss"]
[EventRounds "7"]
[EventCountry "GER"]
[SourceTitle "EXT 2012"]
[Source "ChessBase"]
[SourceDate "2011.11.24"]
[SourceVersion "1"]
[SourceVersionDate "2011.11.24"]
[SourceQuality "1"]

1. e4 c5 2. Nf3 d6 3. d4 cxd4 4. Nxd4 Nf6 5. f3 g6 6. c4 Bg7 7. Nc3 0-0 8. Be3 Nc6 9. Be2 Bd7 10. 0-0 Rc8 11. Nd5 Ne5 12. b3 Nc6 13. Rc1 Re8 14. Qd2 b6 15. Rfd1 Na5 16. Nc3 Nb7 17. Qb2 Nc5 18. a4 Ne6 19. Ndb5 a6 20. Nd4 Nxd4 21. Bxd4 Bc6 22. Nd5 Rb8 23. Bd3 Nh5 24. Qf2 Bxd4 25. Qxd4 a5 26. Ra1 Ng7 27. Rdb1 Ne6 28. Qe3 Nc5 29. Bf1 e6 30. Nf4 Na6 31. Nd3 d5 32. Nf2 Nb4 33. Rc1 d4 34. Qd2 e5 35. Nd3 Nxd3 36. Bxd3 Qe7 37. Rf1 Rbd8 38. Rab1 Ra8 39. Rfc1 Reb8 40. Qh6 Qf8 41. Qg5 f6 42. Qg3 Qh6 43. Qf2 1/2-1/2